[Event "Vaujany 2019 Accession"]
[Site "Vaujany"]
[Date "2019.07.19"]
[Round "9.3"]
[White "Corfield, Zoé"]
[Black "Deneyer, Frank"]
[Result "0-1"]
[WhiteElo "1682"]
[BlackElo "1870"]
[PlyCount "80"]
[EventDate "2019.07.??"]
[EventType "swiss"]
[EventRounds "9"]
[EventCountry "FRA"]

1. e4 c5 2. Nf3 g6 3. c3 Nc6 4. d4 cxd4 5. cxd4 d5 6. e5 Bg4 7. Nc3 e6 8. Bb5
Rc8 9. h3 Bxf3 10. Qxf3 Qb6 11. Qd3 a6 12. Bxc6+ Rxc6 13. O-O Ne7 14. Bd2 Rc4
15. Ne2 Qxb2 16. Rfc1 Rxc1+ 17. Rxc1 Qxa2 18. Rc7 Qb2 19. Bg5 Qb6 20. Rc1 Nc6
21. Rb1 Qc7 22. Qb3 b5 23. Bf6 Rg8 24. Qc2 Kd7 25. Rc1 Qb6 26. Nf4 Ba3 27. Ra1
Nxd4 28. Qa2 b4 29. Nxd5 Qc5 30. Ne7 Re8 31. Qd2 Rxe7 32. Bxe7 Kxe7 33. Rd1 b3
34. Qg5+ Kd7 35. Qe3 Kc6 36. Rxd4 b2 37. Qe4+ Kc7 38. Rd1 Qc1 39. Qe1 b1=Q 40.
Rxc1+ Qxc1 0-1

[Event "Vaujany 2019 Accession"]
[Site "Vaujany"]
[Date "2019.07.19"]
[Round "9.4"]
[White "Trevisiol, Antoine"]
[Black "Fahys, Bertrand"]
[Result "1-0"]
[WhiteElo "1687"]
[BlackElo "1888"]
[PlyCount "95"]
[EventDate "2019.07.??"]
[EventType "swiss"]
[EventRounds "9"]
[EventCountry "FRA"]

1. d4 g6 2. c4 Bg7 3. e4 e6 4. Nc3 Ne7 5. d5 O-O 6. Bg5 h6 7. Bh4 d6 8. Qc2
exd5 9. Nxd5 g5 10. Bg3 Nxd5 11. exd5 Qf6 12. O-O-O Bf5 13. Bd3 Bxd3 14. Rxd3
Na6 15. Rf3 Qg6 16. Qxg6 fxg6 17. Rxf8+ Kxf8 18. Nf3 Nc5 19. Kc2 Re8 20. Re1
Ne4 21. b3 Re7 22. Kd3 Nc5+ 23. Kc2 Ne4 24. Kd3 Nxg3 25. Rxe7 Kxe7 26. fxg3 c5
27. g4 Bf6 28. Nd2 Be5 29. h3 Bb2 30. Ne4 Be5 31. Ke3 Bf4+ 32. Kf3 Be5 33. g3
Bb2 34. h4 gxh4 35. gxh4 Bc1 36. h5 gxh5 37. gxh5 Bb2 38. Kg4 Be5 39. Kf5 Kf7
40. Nxc5 b6 41. Ne4 Ke7 42. Kg6 a5 43. Nf2 Bc3 44. Ng4 a4 45. bxa4 Kd7 46. Nxh6
Kc7 47. Nf5 Bd2 48. h6 1-0

[Event "Vaujany 2019 Accession"]
[Site "Vaujany"]
[Date "2019.07.19"]
[Round "9.5"]
[White "Masalles, Gabriel"]
[Black "Thoue, Jean Claude"]
[Result "1/2-1/2"]
[WhiteElo "1597"]
[BlackElo "1721"]
[PlyCount "81"]
[EventDate "2019.07.??"]
[EventType "swiss"]
[EventRounds "9"]
[EventCountry "FRA"]

1. e4 c5 2. Nf3 d6 3. Bb5+ Bd7 4. Bxd7+ Qxd7 5. O-O Nf6 6. Qe2 e6 7. Rd1 Nc6 8.
d4 cxd4 9. Nxd4 Be7 10. c4 O-O 11. Nc3 a6 12. b3 Rac8 13. Bb2 Rfe8 14. Nf3 Qc7
15. Rd2 Ne5 16. Nxe5 dxe5 17. Rad1 Bb4 18. a3 Bxc3 19. Bxc3 b5 20. Rc2 bxc4 21.
Bb2 Qb7 22. bxc4 Qxe4 23. Qxe4 Nxe4 24. Bxe5 f6 25. Bf4 e5 26. Be3 Rc6 27. f3
Nc5 28. Bxc5 Rxc5 29. Rd7 Rec8 30. Rb2 R5c7 31. Rxc7 Rxc7 32. Rb6 Rxc4 33. Rxa6
Rc2 34. h4 Ra2 35. h5 f5 36. Ra7 e4 37. fxe4 fxe4 38. a4 e3 39. Kf1 Rf2+ 40.
Kg1 Rf5 41. Re7 1/2-1/2

[Event "Vaujany 2019 Accession"]
[Site "Vaujany"]
[Date "2019.07.19"]
[Round "9.6"]
[White "Jean, Robert"]
[Black "Sesia, Noah"]
[Result "0-1"]
[WhiteElo "1564"]
[BlackElo "1852"]
[PlyCount "58"]
[EventDate "2019.07.??"]
[EventType "swiss"]
[EventRounds "9"]
[EventCountry "FRA"]

1. c4 e6 2. g3 Nf6 3. Bg2 d5 4. Nf3 Be7 5. O-O O-O 6. b3 c5 7. Bb2 Nc6 8. e3 b6
9. cxd5 Nxd5 10. d4 Ba6 11. Re1 Rc8 12. Nbd2 Ncb4 13. Bf1 Bxf1 14. Nxf1 cxd4
15. Nxd4 e5 16. a3 exd4 17. axb4 Nxb4 18. Rc1 Rxc1 19. Bxc1 d3 20. Nd2 Nc2 21.
Rf1 Qd5 22. Qf3 Qxf3 23. Nxf3 Na1 24. Nd2 Bb4 25. Bb2 Bxd2 26. Bxa1 Rc8 27. Bd4
Bc3 28. Bxc3 Rxc3 29. b4 d2 0-1

[Event "Vaujany 2019 Accession"]
[Site "Vaujany"]
[Date "2019.07.19"]
[Round "9.7"]
[White "Van Foreest, Nanne"]
[Black "Orihel, Ethan"]
[Result "1-0"]
[WhiteElo "1788"]
[BlackElo "1680"]
[PlyCount "93"]
[EventDate "2019.07.??"]
[EventType "swiss"]
[EventRounds "9"]
[EventCountry "FRA"]

1. e4 e5 2. Nf3 Nc6 3. Bc4 Nf6 4. c3 d5 5. exd5 Nxd5 6. O-O Nb6 (6... Bg4 7.
Re1) (6... Be6 7. d4) 7. Bb5 Bd7 8. Re1 Bd6 9. Bxc6 Bxc6 10. Nxe5 O-O 11. Nxc6
bxc6 12. d4 c5 13. dxc5 Bxc5 14. Qxd8 Raxd8 15. Bf4 Nc4 16. b3 Rfe8 17. Kf1
Rxe1+ 18. Kxe1 Re8+ 19. Kf1 Ne5 20. Bxe5 Rxe5 21. Nd2 Kf8 22. Nf3 Rd5 23. b4
Be7 24. Ke2 Bf6 25. Rc1 Rd6 26. Rc2 Rb6 27. Kd3 Ke7 28. a4 Ke6 29. Nd4+ Kd7 30.
Kc4 Rd6 31. Nb3 c6 32. Rd2 Rxd2 33. Nxd2 Kc7 34. Ne4 Be5 35. h3 f5 36. Nc5 Bd6
37. Ne6+ Kd7 38. Nxg7 f4 39. Nf5 Be5 40. b5 c5 41. Kxc5 Bxc3 42. Nd4 Be1 43. f3
Bf2 44. Kd5 h6 45. Nc6 Kc7 46. a5 Be3 47. Nxa7 1-0

[Event "Vaujany 2019 Accession"]
[Site "Vaujany"]
[Date "2019.07.19"]
[Round "9.9"]
[White "Hebrard, Emmanuel"]
[Black "Stoll, Lucia"]
[Result "0-1"]
[WhiteElo "1745"]
[BlackElo "1403"]
[PlyCount "104"]
[EventDate "2019.07.??"]
[EventType "swiss"]
[EventRounds "9"]
[EventCountry "FRA"]

1. d4 d5 2. c4 e6 3. Nc3 Nf6 4. Bg5 Be7 5. Nf3 O-O 6. e3 h6 7. Bh4 b6 8. Be2
Bb7 9. O-O Nbd7 10. Rc1 Rc8 11. Bg3 a6 12. Ne5 c5 13. Bf3 Ba8 14. Qa4 cxd4 15.
exd4 Nxe5 16. dxe5 Rxc4 17. Qxa6 Nd7 18. b3 Rc6 19. Na4 Nc5 20. Qb5 Qc7 21. Nb2
Ne4 22. Rxc6 Bxc6 23. Qe2 Nc3 24. Qc2 Nxa2 25. Nd3 Nb4 26. Nxb4 Bxb4 27. Be2
Qd7 28. Rc1 Rc8 29. Bb5 Ba3 30. Qxc6 Rxc6 31. Rxc6 Qb7 32. Bf4 Bc5 33. h4 d4
34. Bd2 Qa8 35. Kh2 Kh7 36. Bd3+ g6 37. Rc7 Kg7 38. b4 Bf8 39. Bc4 Qb8 40. Rd7
Qxe5+ 41. f4 Qe4 42. Bb5 Qf5 43. Ba6 e5 44. Rd5 Qc2 45. Be1 Qd1 46. Bf2 Qd2 47.
Kg1 Qxf4 48. Rb5 d3 49. Rd5 d2 50. Be2 Bxb4 51. Bxb6 Qe4 52. Bf3 Qxd5 0-1

[Event "Vaujany 2019 Accession"]
[Site "Vaujany"]
[Date "2019.07.19"]
[Round "9.15"]
[White "Dreelinck, Jacob"]
[Black "Lees, Jean Pierre"]
[Result "1-0"]
[WhiteElo "1508"]
[BlackElo "1710"]
[PlyCount "60"]
[EventDate "2019.07.??"]
[EventType "swiss"]
[EventRounds "9"]
[EventCountry "FRA"]

1. e4 e6 2. Qe2 c5 3. g3 b6 (3... Nc6 4. Nf3 g6 5. Bg2 Bg7 6. O-O Nge7) 4. Bg2
Bb7 5. d3 Nc6 6. Be3 g6 7. f4 d6 8. Nf3 Bg7 9. c3 Rc8 10. O-O Nge7 11. Na3 O-O
12. Rad1 d5 13. exd5 Nxd5 14. Bf2 Re8 15. Ne5 Qe7 16. Nac4 Red8 17. Rd2 Qc7 18.
Re1 Nde7 19. Nf3 Nf5 20. Ne3 Nce7 21. Nxf5 Nxf5 22. g4 Ne7 (22... Nd6) 23. Bg3
c4 (23... Qc6) 24. d4 Bd5 25. f5 Qb7 26. fxe6 fxe6 27. Ng5 Bh6 28. Nxe6 Bxd2
29. Nxd8 Qd7 30. Bxd5+ Nxd5 {1-0 au temps} 1-0